| 000 | 00628nam a2200205Ia 4500 | ||
|---|---|---|---|
| 005 | 20230523104838.0 | ||
| 008 | 131103s9999 xx 000 0 und d | ||
| 040 | _aLoreto College | ||
| 041 | _aEnglish | ||
| 082 |
_a330.954 _bUPP |
||
| 245 |
_aIndia's economic problems _b an analytical approach _cedited by J.S.Uppal |
||
| 260 |
_aNew Delhi _bTata McGraw - Hill Publishing Co. _cc 1978 |
||
| 300 |
_axiv,409 p. _b ill.,graphs,tables |
||
| 504 | _aEssays by some Indian economists based abroad | ||
| 650 | _aEconomics | ||
| 651 | _aIndia - Economic Conditions | ||
| 700 | _aUppal, J.S. | ||
| 850 | _aLCLIB | ||
| 942 | _cBK | ||
| 999 |
_c7403 _d57882 |
||